000
00357nam a2200157Ia 4500
005
20250423094403.0
008
250422s9999 xx 000 0 und d
020
_a
0- 03- 041664- 7
050
_a
QA 159.2 .A44/
245
0
_a
Algebra 2
260
_a
Orlando
260
_b
Holt, Rinehart and Winston
260
_c
2007
300
_a
1047 p
942
_c
BK
999
_c
27089
_d
27089